Zamyšlení nad vývojem talent managementu

Význam talent manažmentu. Efektívne programy riadenia talentov zahrňujú inováciu, spoluprácu a zapojenie. Riadenie talentov - nástrojom zvyšovania výkonnosti.

Guardado en:
Detalles Bibliográficos
Autor principal: Půda, Ivo
Formato: Capítulo de libro
Lenguaje:checo
Materias:
Etiquetas: Agregar Etiqueta
Sin Etiquetas, Sea el primero en etiquetar este registro!

MARC

LEADER 00000naa a2200000 4500
001 0143679
005 20231113132654.9
041 0 |a cze 
044 |a CZ 
245 1 0 |a Zamyšlení nad vývojem talent managementu  |c Ivo Půda 
520 |a Význam talent manažmentu. Efektívne programy riadenia talentov zahrňujú inováciu, spoluprácu a zapojenie. Riadenie talentov - nástrojom zvyšovania výkonnosti. 
610 2 0 |a talenty 
610 2 0 |a manažment 
100 1 |a Půda, Ivo